Pla d'actuació de les Àrees : 2004 - 2005 2004 - 2005
Descripción Física:
52 f. : 30 cm
MARC
| LEADER | 00000nam a2200000Ia 4500 | ||
|---|---|---|---|
| 001 | 19705 | ||
| 008 | 160829s9999 xx 000 0 cat d | ||
| 080 | |a M-5-484 | ||
| 110 | 1 | |a Barcelona (Catalunya : Província). |b Diputació |9 52408 | |
| 245 | |a Pla d'actuació de les Àrees : |b 2004 - 2005 | ||
| 260 | |a Barcelona: |b Diputació de Barcelona, [2004?] | ||
| 300 | |a 52 f. : |b 30 cm | ||
| 610 | 1 | 0 | |a Barcelona (Catalunya : Província). |b Diputació |v Planificació |9 52706 |
| 650 | |a Planificació estratègica |x 2004 |9 43061 | ||
| 901 | |a Arxiu | ||
| 942 | |n 1 | ||
| 952 | |0 0 |1 0 |4 0 |6 M5484 |7 1 |9 51152 |a Arxiu |b Arxiu |d 2016-12-01 |l 0 |o M-5-484 |p 19705 |r 2016-12-01 00:00:00 |w 2016-12-01 |y ARXIU | ||
| 999 | |c 54995 |d 54995 | ||